[Event "ARG-ch"]
[Site "?"]
[Date "1989.??.??"]
[Round "8"]
[White "Rodriguez, Jorge Luis"]
[Black "Bielicki, Carlos"]
[Result "1-0"]
[WhiteElo "2265"]
[BlackElo "2315"]

1.d4 Nf6 2.c4 e6 3.Nc3 Bb4 4.f3 d5 5.a3 Bd6 6.Bg5 h6 7.Bh4 Be7 8.e3 O-O 9.c5 b6
10.b4 c6 11.Bd3 bxc5 12.bxc5 e5 13.Nge2 Nh5 14.Bf2 exd4 15.exd4 f5 16.O-O g5
17.Ng3 Ng7 18.f4 g4 19.Re1 h5 20.Qe2 Rf7 21.Rab1 Bf8 22.Qa2 Qc7 23.Re5 Nd7
24.Nxf5 Nxe5 25.Nh6+ Kh8 26.fxe5 Rd7 27.Bg3 Ne6 28.Qf2 Rg7 29.Rf1 Bb7 30.Qf5 Ng5
31.e6 Qe7 32.Bd6 Qxe6 33.Qxf8+ Rxf8 34.Rxf8+ Rg8 35.Rxg8+ Qxg8 36.Nxg8 Kxg8
37.Bf4 Ne6 38.Be3 Kf8 39.Kf2 Ba6 40.Bxa6  1-0

[Event "ARG-ch"]
[Site "?"]
[Date "1989.??.??"]
[Round "10"]
[White "Rodriguez, Jorge Luis"]
[Black "Bronstein, Luis"]
[Result "1/2-1/2"]
[WhiteElo "2265"]
[BlackElo "2395"]

1.d4 Nf6 2.c4 e6 3.Nc3 Bb4 4.f3 d5 5.a3 Be7 6.e4 c5 7.cxd5 exd5 8.Bb5+ Nc6
9.e5 cxd4 10.exf6 Bxf6 11.Qe2+ Be6 12.Nd1 O-O 13.Bd3 Re8 14.Kf1 Bd7 15.Qd2 Rc8
16.Nf2 Ne5 17.Ne2 Qb6 18.a4 Nc4 19.Bxc4 dxc4 20.Ne4 Be5 21.g4 Bc6 22.a5 Qa6
23.Kg2 Bxe4 24.fxe4 Qg6 25.Kf3 Rc6 26.Ng3 Bxg3 27.Kxg3 h5 28.h3 hxg4 29.hxg4 Qxe4
30.Rf1 c3 31.Qf4 Qd5 32.Qf3 Qxf3+ 33.Rxf3 Re1 34.Rd3 Rc4 35.Kf2 Rh1 36.Kg2 Re1
37.Kf2 Rh1 38.Kg2 Re1 39.Kf2 Rh1 40.Kg2 Re1 41.Kf2 Rh1 42.Kg2 Rh4 43.Kg3 Rh1
44.Kg2 Rh4 45.Kg3 Rh1 46.Kg2 cxb2 47.Bxb2 Rxa1 48.Bxa1 Ra4 49.Bxd4 Rxa5 50.Kf3 f6
51.Rb3 b6 52.Bxb6 axb6 53.Rxb6 Kh7 54.Rb3 Kh6 55.Kg3 Ra1 56.Rc3 Rg1+ 57.Kf4 g5+
58.Kf3  1/2-1/2

[Event "Bayamo"]
[Site "Bayamo"]
[Date "1989.??.??"]
[Round "8"]
[White "Arencibia, Walter"]
[Black "Vilela, Jose Luis"]
[Result "1/2-1/2"]
[WhiteElo "2395"]
[BlackElo "2405"]

1.d4 Nf6 2.c4 e6 3.Nc3 Bb4 4.f3 d5 5.a3 Bxc3+ 6.bxc3 c5 7.cxd5 Nxd5 8.dxc5 Qa5
9.e4 Nc7 10.Be3 O-O 11.Qd2 Nca6 12.c4  1/2-1/2

[Event "Belfort op"]
[Site "Belfort"]
[Date "1989.??.??"]
[Round "1"]
[White "Mohandesi, Shahin"]
[Black "Govedarica, Radovan"]
[Result "0-1"]
[WhiteElo "2225"]
[BlackElo "2420"]

1.d4 Nf6 2.c4 e6 3.Nc3 Bb4 4.f3 c5 5.d5 Bxc3+ 6.bxc3 Nh5 7.Nh3 Qh4+ 8.Nf2 Qxc4
9.e4 Qxc3+ 10.Bd2 Qa3 11.e5 exd5 12.g4 d6 13.gxh5 dxe5 14.Rg1 g6 15.Ng4 Bxg4
16.Rxg4 c4 17.f4 Nc6 18.fxe5 O-O-O 19.Rg3 Qe7 20.Bh3+ Kb8 21.Bf4 Ka8 22.Qe2 Rhe8
23.O-O-O Qc5 24.Qb2 d4 25.Bg2 c3 26.Qb3 Na5 27.Qa4 f6 28.exf6 Re2 29.Rg5 Qb6
30.Rb5 Rxa2 31.Rxb6 Rxa4 32.Rb1 d3 33.Bc7 Ra2 34.Rxd3 Rxd3 35.f7 Rf2 36.Bxa5 Rxf7
37.Be4 Re3 38.Rb4 Rf1+ 39.Kc2 Rf2+ 40.Kb3 Rb2+  0-1

[Event "GMA-qual"]
[Site "Belgorod"]
[Date "1989.??.??"]
[Round "?"]
[White "Kozlov, V."]
[Black "Grigorian, Karen Ashotovich"]
[Result "1-0"]
[WhiteElo "2420"]
[BlackElo "2420"]

1.d4 Nf6 2.c4 e6 3.Nc3 Bb4 4.f3 d5 5.a3 Be7 6.e4 dxe4 7.fxe4 e5 8.d5 a5 9.Nf3 Nbd7
10.Bd3 Bc5 11.Qe2 O-O 12.Na4 Qe7 13.Nxc5 Nxc5 14.Bc2 a4 15.Bg5 Qd6 16.O-O Bg4
17.Bxf6 Qxf6 18.Qe3 b6 19.Ne1 Qd6 20.Nd3 Nxd3 21.Bxd3 Ra5 22.Rf2 Bd7 23.Qg3 Rc5
24.Rc1 b5 25.Qe3 bxc4 26.Rfc2 Rb8 27.Bxc4 Qb6 28.Qf2 Be8 29.h3 Qd6 30.Kh2 f6
31.Rc3 Kf8 32.Bd3 Rxc3 33.Rxc3 Rb7 34.Bc4 Ke7 35.Qc2 Qb6 36.b4 axb3 37.Rxb3 Qa7
38.Rxb7 Qxb7 39.Be2 Qb6 40.Qc3 c6 41.dxc6 Qxc6 42.Qb4+ Qd6 43.Kg3 g6 44.Kf2 f5
45.exf5 gxf5 46.Bd3 e4 47.Bc2 Ke6 48.Bb3+ Ke5 49.Qxd6+ Kxd6 50.Ke3 Ke5 51.g3 Bb5
52.a4 Bf1 53.h4 Ba6 54.Bf7 h6 55.Be8 Kd5 56.Bd7 Ke5 57.a5 Bb7 58.Bb5 Ba8
59.Ba6 Bc6 60.Bc8 Bd5 61.a6 Bc6 62.h5  1-0

[Event "Spring op"]
[Site "Budapest"]
[Date "1989.??.??"]
[Round "?"]
[White "Malaniuk, Vladimir P"]
[Black "Kishnev, Sergey"]
[Result "1/2-1/2"]
[WhiteElo "2520"]
[BlackElo "2375"]

1.d4 Nf6 2.c4 e6 3.Nc3 Bb4 4.f3 d5 5.a3 Bxc3+ 6.bxc3 c5 7.cxd5 Nxd5 8.dxc5 Qa5
9.e4 Ne7 10.Be3 Qxc3+ 11.Kf2 Nbc6 12.Bd3 f5 13.Ne2 Qf6 14.Re1 e5 15.Kg1 f4
16.Bf2 Be6 17.Nc3 Rd8 18.Qe2 O-O 19.Rab1 Rd7 20.Nb5 Nc8 21.Bc4 Qf7 22.Bxe6 Qxe6
23.Red1 Rfd8 24.Bh4 Rxd1+ 25.Rxd1 Rxd1+ 26.Qxd1 h6 27.Qd5 Qf7 28.h3 Kf8 29.Kh2 Ke8
30.Nc3 a6 31.Kh1 g5 32.Bf2 h5 33.Qd1 Qd7 34.Qd5 N8e7 35.Qa2 Kf8 36.Qe2 Kg7
37.Kh2 Ng8 38.Nd5 Nf6 39.Nb6 Qd8 40.Kh1 h4 41.Nc4 Nh5 42.Nd6 Ng3+ 43.Bxg3 hxg3
44.Qa2 Qg8 45.Qxg8+ Kxg8 46.Nxb7 Kf7 47.Nd6+ Ke6 48.Nc4 Ne7 49.Kg1 Ng6 50.c6 Ke7  1/2-1/2

[Event "Spring op"]
[Site "Budapest"]
[Date "1989.??.??"]
[Round "?"]
[White "Pesztericz, Laszlo"]
[Black "Podlesnik, Bogdan"]
[Result "1/2-1/2"]
[WhiteElo "2235"]
[BlackElo "2415"]

1.d4 Nf6 2.c4 e6 3.Nc3 Bb4 4.f3 c5 5.d5 Bxc3+ 6.bxc3 Qa5 7.Bd2 d6 8.e4 e5
9.Bd3 Nbd7 10.Ne2 Nf8 11.f4 Bg4 12.fxe5 Bxe2 13.Qxe2 dxe5 14.O-O Ng6 15.Qf3 h6
16.Qf5 Qc7 17.Bc2 Ne7 18.Ba4+ Kf8 19.Qh3 Nc8 20.Rxf6 gxf6 21.Rf1 Ke7 22.Bxh6 Rg8
23.Rxf6 Kxf6 24.Qf5+ Ke7 25.Bg5+ Kf8 26.Bh6+  1/2-1/2

[Event "Elekes mem"]
[Site "Budapest"]
[Date "1989.??.??"]
[Round "?"]
[White "Danner, Georg"]
[Black "Cladouras, Panagiotis"]
[Result "0-1"]
[WhiteElo "2400"]
[BlackElo "2385"]

1.d4 Nf6 2.c4 e6 3.Nc3 Bb4 4.f3 d5 5.a3 Bxc3+ 6.bxc3 c5 7.cxd5 Nxd5 8.dxc5 Qa5
9.e4 Ne7 10.Be3 O-O 11.Qb3 Nd7 12.Nh3 Nc6 13.Bb5 Qc7 14.Rd1 a6 15.Ba4 Qa5
16.Bxc6 bxc6 17.Qb4 Qc7 18.O-O Rb8 19.Qc4 Qa5 20.a4 Ne5 21.Qd4 Ng6 22.Bf4 Rb3
23.Rd3 Ra3 24.Bd6 e5 25.Bxe5 Rxa4 26.Qd6 Nxe5 27.Qxe5 Bxh3 28.gxh3 Rc4 29.f4 Qxc5+
30.Qxc5 Rxc5 31.Ra1 a5 32.Ra4 g6 33.e5 Rb8 34.h4 Rb2 35.h5 Kg7 36.hxg6 hxg6
37.Re4 Rc2 38.e6 Rb5 39.Rd1 fxe6 40.Rxe6 a4 41.Ra1 Rbb2 42.Re7+ Kf6 43.Ra7 Rg2+
44.Kh1 Rxh2+ 45.Kg1 Rbg2+ 46.Kf1 Ra2 47.Rxa2 Rxa2 48.Ra6 a3 49.Rxc6+ Kf5
50.Ra6 Kxf4 51.c4 g5 52.c5 Ke5 53.c6 Kd6 54.Kg1 g4 55.Kf1 g3 56.Kg1 Kc7 57.Ra7+ Kxc6
58.Ra8 Kc5 59.Rc8+ Kb4 60.Rb8+ Kc3 61.Rc8+ Kb2 62.Rb8+ Kc2 63.Rc8+ Kb1 64.Ra8 Ra1
65.Kg2 Ka2 66.Kxg3 Rb1 67.Kf2 Rb3 68.Re8 Rb2+ 69.Ke3 Rb4 70.Rd8 Kb3 71.Rd3+ Ka4
72.Rd2 Rb3+ 73.Ke4 Rb2 74.Rd8 Rb4+ 75.Kd5 a2 76.Rh8 Ka3 77.Rh1 Rb1 78.Rh3+ Kb4
79.Rh4+ Kb5  0-1

[Event "Elekes mem"]
[Site "Budapest"]
[Date "1989.??.??"]
[Round "?"]
[White "Danner, Georg"]
[Black "Heyken, Enno"]
[Result "0-1"]
[WhiteElo "2400"]
[BlackElo "2450"]

1.d4 Nf6 2.c4 e6 3.Nc3 Bb4 4.f3 d5 5.a3 Be7 6.e4 dxe4 7.fxe4 e5 8.d5 Ng4
9.Be2 Bc5 10.Bxg4 Qh4+ 11.g3 Qxg4 12.Qxg4 Bxg4 13.h3 Bh5 14.g4 Bg6 15.Nf3 Nd7
16.b4 Bd4 17.Nxd4 exd4 18.Nb5 O-O-O 19.Bf4 Rde8 20.O-O Rxe4 21.Nxa7+ Kb8
22.Nb5 Ne5 23.d6 cxd6 24.Nxd6 Re2 25.Nb5 Rd8 26.Rad1 d3 27.Rf2 Re4 28.Nc3 Rxf4
29.Rxf4 d2 30.Nd5 Bd3 31.Rxd2 Bxc4 32.Ne3 Rxd2 33.Nxc4 Nxc4 34.Rxc4 Rd3 35.Rf4 f6
36.Re4 Rxh3 37.a4 h5 38.gxh5 Rxh5 39.a5 Re5 40.Rd4 Kc7 41.Rc4+ Kd6 42.Kf2 g5
43.Kf3 Rb5 44.Kg4 Kd5 45.Rc7 Rxb4+ 46.Kf5 Kd6 47.Rc1 Rf4+ 48.Kg6 g4 49.Kh5 f5
50.Kh4 Rf3 51.Ra1 g3 52.Kh3 f4 53.a6 bxa6 54.Rxa6+ Ke5 55.Ra5+ Ke4 56.Ra4+ Ke3
57.Ra3+ Kf2 58.Ra2+ Kg1 59.Ra1+ Rf1 60.Ra4 g2 61.Ra3 Kh1  0-1

[Event "Elekes mem"]
[Site "Budapest"]
[Date "1989.??.??"]
[Round "?"]
[White "Heyken, Enno"]
[Black "Petran, Pal"]
[Result "1/2-1/2"]
[WhiteElo "2450"]
[BlackElo "2440"]

1.d4 Nf6 2.c4 e6 3.Nc3 Bb4 4.f3 d5 5.a3 Bxc3+ 6.bxc3 c5 7.cxd5 Nxd5 8.Qd3 cxd4
9.cxd4 Nc6 10.e4 Nb6 11.Be3 O-O 12.Be2 f5 13.Rd1 Bd7 14.Nh3 fxe4 15.Qxe4 Nd5
16.Ng5 Nf6 17.Qd3 Qa5+ 18.Rd2 Ne7 19.O-O Rac8 20.Rb2 b6 21.Bd2 Qd5 22.Bd1 Nc6
23.Be3 Ne5 24.Qe2 Nc4 25.Bb3 b5 26.Rc1 Rc7 27.a4 a6 28.axb5 axb5 29.Rbc2 Rfc8
30.Qd3 Be8 31.Rc3 Bg6 32.Qe2 Kh8 33.Nh3 e5 34.Rd1 Re8 35.Qf2 Rce7 36.dxe5 Qxe5
37.Bd4 Qd6 38.Rcc1  1/2-1/2

[Event "Capablanca mem"]
[Site "Cienfuegos"]
[Date "1989.??.??"]
[Round "8"]
[White "Arencibia, Walter"]
[Black "Rodriguez, Amador"]
[Result "1/2-1/2"]
[WhiteElo "2395"]
[BlackElo "2515"]

1.d4 Nf6 2.c4 e6 3.Nc3 Bb4 4.f3 d5 5.a3 Bxc3+ 6.bxc3 c5 7.cxd5 Nxd5 8.dxc5 Qa5
9.e4 Ne7 10.Be3 O-O 11.Qb3 e5 12.Bc4 Na6 13.Ne2 Nc6 14.Bd5 Nxc5 15.Qc4 Ne6
16.O-O Bd7 17.Qa2 Qc7 18.Rab1 b6 19.f4 exf4 20.Bxf4 Nxf4 21.Rxf4 Be8 22.Rbf1 Rd8
23.Nd4 Nxd4 24.cxd4 Kh8 25.Qb3 f6 26.e5 Ba4 27.Qf3 Bb5 28.Rd1  1/2-1/2

[Event "Dieren op"]
[Site "Dieren"]
[Date "1989.??.??"]
[Round "6"]
[White "Pieterse, Gert"]
[Black "Bosman, Michiel"]
[Result "1/2-1/2"]
[WhiteElo "2415"]
[BlackElo "2330"]

1.d4 Nf6 2.c4 e6 3.Nc3 Bb4 4.f3 d5 5.a3 Bxc3+ 6.bxc3 c5 7.cxd5 Nxd5 8.dxc5 Qa5
9.e4 Ne7 10.Ne2 e5 11.Be3 O-O 12.Qb3 Na6 13.Nc1 Be6 14.Bc4 Nxc5 15.Qb4 Qxb4
16.axb4 Bxc4 17.Bxc5 Rfe8 18.Rxa7 Rxa7 19.Bxa7 Nc8 20.Bc5 Rd8 21.g3 Nd6 22.Bxd6 Rxd6
23.Rg1 Rf6 24.Kf2 Rd6 25.Ke3 f6 26.g4 g5 27.Rg2 Rd1 28.Rc2 Re1+ 29.Ne2 b5
30.Kf2 Rh1 31.Kg2 Re1 32.Ng3 Kf7 33.Kf2 Ra1 34.Nf5 Ke6 35.Ne3 Ra2 36.Rxa2 Bxa2
37.Ke2 Bc4+ 38.Kd2 Kd7 39.Nf5 Bb3 40.h4 Bc4 41.hxg5 fxg5 42.Ne3 Kd6 43.Ke1 Kd7
44.Nf1 Ke8 45.Nd2 Ke7 46.Kd1 Kd6 47.Ke1 Kc7 48.Kf2 Kd7 49.Nf1 Ke8 50.Ng3 Ke7
51.Ke3 Kd7 52.Nh1 Ke8 53.Nf2 Ke7 54.Nd3 Ke6 55.Kd2 Kd6 56.Nc5 Kc7 57.Ke1 Kc6
58.Kd2 Kc7 59.Nd3 Kd6 60.Ne1 Kd7 61.Nc2 Ke7 62.Ne3 Kd7 63.Nc2 Ke7 64.Ne3 Kd7
65.Nd5 Ke6 66.Ke3 Kf7 67.Nc7 Ke7 68.Na6 Kd7 69.Nc5+ Ke7 70.Kd2 Kd6 71.Nd3 Ke6
72.Kc2 Kd6 73.Nc1 Ke7 74.Kb2 Kd7 75.Nb3 Be2 76.Nd2 Kc6 77.Kb3 Bd1+ 78.Ka3 Be2
79.Kb2 Kb6 80.Ka3 Kc6  1/2-1/2

[Event "Dieren op"]
[Site "Dieren"]
[Date "1989.??.??"]
[Round "9"]
[White "Pieterse, Gert"]
[Black "Den Boer, Ber"]
[Result "0-1"]
[WhiteElo "2415"]
[BlackElo "2290"]

1.d4 Nf6 2.c4 e6 3.Nc3 Bb4 4.f3 c5 5.d5 Bxc3+ 6.bxc3 Qa5 7.e4 O-O 8.Bd2 d6
9.Bd3 Nbd7 10.dxe6 Ne5 11.exf7+ Rxf7 12.Be2 Be6 13.Nh3 Bxh3 14.gxh3 Nh5 15.O-O Ng6
16.f4 Nhxf4 17.Bg4 Qd8 18.Kh1 Qh4 19.Bf5 Re8 20.Bxf4 Nxf4 21.Qxd6 Nxh3 22.Qxc5 Ng5
23.Qd5 g6 24.Bd7 Qxe4+ 25.Qxe4 Rxe4 26.Rxf7 Kxf7 27.Rb1 b6 28.Bc6 Re3 29.Rb3 Re1+
30.Kg2 Re2+ 31.Kg3 Rxa2 32.c5 bxc5 33.Rb7+ Kf6 34.Rxh7  0-1

[Event "Edinburgh op"]
[Site "Edinburgh"]
[Date "1989.??.??"]
[Round "?"]
[White "Ballon, Guenther Jan"]
[Black "Pritchett, Craig William"]
[Result "1-0"]
[WhiteElo "2300"]
[BlackElo "2375"]

1.d4 Nf6 2.c4 e6 3.Nc3 Bb4 4.f3 d5 5.a3 Bxc3+ 6.bxc3 c5 7.cxd5 Nxd5 8.dxc5 Qa5
9.e4 Ne7 10.Be3 O-O 11.Qb3 Nbc6 12.Bb5 e5 13.Ne2 Be6 14.Bc4 Bxc4 15.Qxc4 Rad8
16.O-O Rd7 17.f4 Qc7 18.Rad1 Rfd8 19.Rxd7 Qxd7 20.Nc1 Na5 21.Qa2 Qa4 22.fxe5 Qc4
23.Qf2 Nac6 24.h3 Nxe5 25.Bd4 N7c6 26.Ne2 f6 27.Rb1 Rd7 28.Ng3 Qd3 29.Qa2+ Kf8
30.Nf5 Nc4 31.Rc1 g6 32.Nd6 Nxd6 33.Qe6 Nxd4 34.Qxd7 Qxc3 35.Qxd6+ Kg7 36.Rf1 f5
37.Kh1 Qd3 38.Qe7+ Kh6 39.Rf4 Qd1+ 40.Kh2 g5 41.Qf6+ Kh5 42.g4+  1-0

[Event "Frankfurt"]
[Site "Frankfurt"]
[Date "1989.??.??"]
[Round "10"]
[White "Roeschlau, Bernd"]
[Black "Rigo, Janos"]
[Result "1/2-1/2"]
[WhiteElo "2310"]
[BlackElo "2385"]

1.d4 Nf6 2.c4 e6 3.Nc3 Bb4 4.f3 d5 5.a3 Be7 6.e4 dxe4 7.fxe4 e5 8.d5 Ng4
9.Be2 Bc5 10.Bxg4 Qh4+ 11.g3 Qxg4 12.Qxg4 Bxg4 13.h3 Bh5 14.g4 Bg6 15.Nf3 f6
16.Ke2 Bd4 17.Nb5 Kd7 18.Nbxd4 exd4 19.e5 c6 20.e6+ Ke7 21.Nxd4 cxd5 22.cxd5 Rd8
23.Be3 Rxd5 24.Rac1 Nc6 25.Nxc6+ bxc6 26.Rxc6 Re5 27.Kf2 Be4 28.Rc7+ Kxe6
29.Re1 f5 30.Bxa7 Rd8 31.Re2 Rd3 32.gxf5+ Kxf5 33.Be3 Kg6 34.Re1 Rb3 35.Bd4 Rf5+
36.Ke2 Rxh3 37.Rg1+ Kh5 38.Rcxg7 Rd5 39.Bc3 Bd3+ 40.Kf2 h6 41.a4 Rf5+ 42.Ke1 Rh2
43.R7g3 Bc2 44.a5 Rg5 45.Rxg5+ hxg5 46.Bf6 g4 47.Be5 Rh3 48.Rg2 Re3+ 49.Re2 Rxe2+
50.Kxe2 Kg6 51.Ke3 Kf5 52.Kd4 Ke6 53.a6 Bd1  1/2-1/2

[Event "Geneve YM"]
[Site "Geneve"]
[Date "1989.??.??"]
[Round "?"]
[White "Karolyi, Tibor Jr"]
[Black "Leuba, Didier"]
[Result "1/2-1/2"]
[WhiteElo "2430"]
[BlackElo "2285"]

1.d4 Nf6 2.c4 e6 3.Nc3 Bb4 4.f3 d5 5.a3 Be7 6.e4 dxe4 7.fxe4 e5 8.d5 a5 9.Nf3 O-O
10.Bd3 Bg4 11.Be3 Nbd7 12.O-O Bc5 13.Qd2 Qe7 14.Bxc5 Nxc5 15.Bc2 a4 16.Qe3 Bxf3
17.Rxf3  1/2-1/2

[Event "Geneve YM"]
[Site "Geneve"]
[Date "1989.??.??"]
[Round "?"]
[White "Karolyi, Tibor Jr"]
[Black "Maric, Alisa"]
[Result "0-1"]
[WhiteElo "2430"]
[BlackElo "2355"]

1.d4 Nf6 2.c4 e6 3.Nc3 Bb4 4.f3 d5 5.a3 Bxc3+ 6.bxc3 c5 7.cxd5 Nxd5 8.dxc5 Qa5
9.e4 Ne7 10.Be3 Qxc3+ 11.Kf2 Nbc6 12.Bd3 O-O 13.Ne2 Qa5 14.Qb3 Ne5 15.Rhd1 Qc7
16.Bb5 Bd7 17.Rab1 Bxb5 18.Qxb5 Rab8 19.h3 N5c6 20.Rd6 Ng6 21.Rbd1 Rfd8 22.f4 f6
23.Nc3 Nf8 24.Qa4 a6 25.R1d3 Qe7 26.Na2 Qf7 27.Nb4 Nxb4 28.Qxb4 Rdc8 29.a4 Qe7
30.Kf3 f5 31.Kf2 Qh4+ 32.Kf1 Qe7 33.Bd4 fxe4 34.Re3 Ng6 35.Rxe4 Qf7 36.Rdxe6 Rd8
37.Kg1 Rbc8 38.Kh2 Qc7 39.g3 Qf7 40.Bc3 Rd5  0-1

[Event "BL2-SW8889"]
[Site "Germany"]
[Date "1989.??.??"]
[Round "?"]
[White "Roeschlau, Bernd"]
[Black "Siegel, Georg"]
[Result "1/2-1/2"]
[WhiteElo "2310"]
[BlackElo "2285"]

1.d4 Nf6 2.c4 e6 3.Nc3 Bb4 4.f3 c5 5.d5 exd5 6.cxd5 Nh5 7.Nh3 d6 8.g4 O-O
9.Nf2 Nf6 10.e4 a6 11.a4 Nbd7 12.g5 Ne8 13.f4 f5 14.Bh3 Nb6 15.a5 Nc4 16.exf5 Qe7+
17.Kf1 Ne3+ 18.Bxe3 Qxe3 19.Ne2 Bxf5 20.Bxf5 Rxf5 21.Rg1 Nc7 22.Rg3 Qe8 23.Ng4 Qe4
24.Ne3 Rf7 25.Kf2 Re8 26.Rf3 Nb5 27.Ng3 Qd4 28.Ne2 Qxb2 29.Rb1 Qd2 30.Qxd2 Bxd2
31.Nc4 Bb4 32.Ng3 Rfe7 33.Kg2 Rd8 34.f5 Nc3 35.f6 Rf7 36.Rb3 Nxd5 37.Rbd3 Nc7
38.Ne5 Rff8 39.f7+ Kh8 40.Ng6+ hxg6 41.Ne4 Rxf7 42.Rxf7 Ne6 43.Rxd6 Rxd6
44.Nxd6 Nxg5 45.Rxb7 Bxa5 46.h4 Ne6 47.Rb8+ Kh7 48.Re8 Nc7 49.Rc8 Ne6 50.Nf7 g5
51.h5 g6 52.h6 Bc3 53.Kf3 Nd4+ 54.Ke4 Nf5 55.Rxc5 Bb4 56.Rc6 Nxh6 57.Nxg5+ Kg7
58.Rxa6 Be7  1/2-1/2

[Event "Bundesliga 8889"]
[Site "Germany"]
[Date "1989.??.??"]
[Round "?"]
[White "Muse, Mladen"]
[Black "Wolf, Volker"]
[Result "1/2-1/2"]
[WhiteElo "2400"]
[BlackElo "2330"]

1.d4 e6 2.c4 Nf6 3.Nc3 Bb4 4.f3 c5 5.d5 d6 6.e4 exd5 7.cxd5 Nbd7 8.Bd3 O-O
9.Ne2 Ne5 10.Bc2 a6 11.O-O b5 12.f4 Ng6 13.h3 Re8 14.Ng3 Ba5 15.f5 Bxc3 16.bxc3 Nf8
17.Bg5 h6 18.Bf4 Qb6 19.Qd2 Kh7 20.Rae1 N8d7 21.Nh1 Ne5 22.g4 Bd7 23.g5 hxg5
24.Bxg5 Rh8 25.Qg2 Nh5 26.Bd1 Kg8 27.Bxh5 Rxh5 28.Kh2 Kf8 29.Re3 f6 30.Bf4 Be8
31.Rg3 Ra7 32.Rg1 Rh7 33.Nf2 Bh5 34.Bxe5 dxe5 35.Nd3 Qd6 36.Qb2 Be8 37.Qa3 Rc7
38.Qa5 Rh4 39.Rg4 Rh7 40.R1g2 Bh5 41.R4g3 Be8 42.Rb2 Rh4  1/2-1/2

[Event "Hessen-ch"]
[Site "Germany"]
[Date "1989.??.??"]
[Round "9"]
[White "Roeschlau, Bernd"]
[Black "Zude, Arno"]
[Result "1-0"]
[WhiteElo "2310"]
[BlackElo "2320"]

1.d4 Nf6 2.c4 e6 3.Nc3 Bb4 4.f3 c5 5.d5 d6 6.e4 e5 7.Bd3 O-O 8.Ne2 Ne8 9.Qc2 Bxc3+
10.bxc3 g6 11.g4 Qh4+ 12.Ng3 Ng7 13.Rg1 h5 14.h3 Kh7 15.Be3 Rh8 16.O-O-O Kg8
17.Rdf1 Qe7 18.gxh5 Nxh5 19.Nxh5 Rxh5 20.f4 Bxh3 21.Rf2 Nd7 22.f5 Nf8 23.Rh2 f6
24.fxg6 Qd7 25.Bf1 Bg4 26.Rxh5 Bxh5 27.Qh2 Bxg6 28.Bh3 Qh7 29.Qg3 Kf7 30.Rh1 Ke7
31.Bg2 Qf7 32.Rh6 Qg8 33.Bh3 Bf7 34.Qh4 Ng6 35.Qf2 Qg7 36.Qf5 Rd8 37.Bg4 Nf4
38.Bxf4 exf4 39.Rh7 Qg8 40.Kb2 Re8 41.Bh5 Rf8 42.Qe6+ Kd8 43.Rxf7 Rxf7 44.Bxf7  1-0

[Event "Groningen op"]
[Site "Groningen"]
[Date "1989.??.??"]
[Round "3"]
[White "Hansen, Lars Bo"]
[Black "Langeweg, Kick"]
[Result "1-0"]
[WhiteElo "2540"]
[BlackElo "2365"]

1.d4 Nf6 2.c4 e6 3.Nc3 Bb4 4.f3 c5 5.d5 d6 6.e4 Bxc3+ 7.bxc3 Qa5 8.Qb3 O-O
9.Bg5 Nbd7 10.Rd1 Qc7 11.Nh3 h6 12.Be3 exd5 13.cxd5 Ne5 14.Nf2 Nh7 15.c4 f5
16.exf5 Bxf5 17.Be2 Rae8 18.O-O Qf7 19.Rde1 Re7 20.Bd2 Rfe8 21.Bd1 Qg6 22.Qc3 Nf6
23.a4 b6 24.Re3 Ned7 25.Rxe7 Rxe7 26.Kh1 Ne5 27.Bf4 Qe8 28.g4 Bh7 29.Bd2 Ned7
30.Rg1 g5 31.h4 gxh4 32.Bxh6 Qg6 33.Bd2 Ne5 34.Kh2 Qf7 35.f4 Ne4 36.Nxe4 Bxe4
37.Re1 Nd7 38.f5 Nf6 39.Bg5 Re5 40.Bf4 Re8 41.Bg5 Nd7 42.Bxh4 Bb1 43.Re6 Ne5
44.Qc1  1-0

[Event "Groningen op"]
[Site "Groningen"]
[Date "1989.??.??"]
[Round "5"]
[White "Moskalenko, Viktor"]
[Black "Hansen, Lars Bo"]
[Result "1/2-1/2"]
[WhiteElo "2490"]
[BlackElo "2540"]

1.d4 Nf6 2.c4 e6 3.Nc3 Bb4 4.f3 d5 5.a3 Be7 6.e4 dxe4 7.fxe4 e5 8.d5 a5 9.Nf3 O-O
10.Bd3 Bg4 11.O-O Nbd7 12.h3 Bxf3 13.Qxf3 Ne8 14.Be3 c6 15.Bc2 Rc8 16.dxc6 bxc6
17.Rad1 Qc7 18.Na4 Nd6 19.Qe2 Nb7 20.Qf2 Nd6 21.b3 Rb8 22.Qd2 Rfd8 23.Qc3 h6
24.Kh1 Nc8 25.c5 Na7 26.Qc4 Nf6 27.Nc3 Rxd1 28.Bxd1 Nb5 29.Nxb5 cxb5 30.Qc2 b4
31.axb4 Rxb4 32.Bf3 Qc6 33.Qc3 Nxe4 34.Qxe5 Bf6 35.Bxe4 Rxe4 36.Qg3 Bd4 37.Bxd4 Rxd4
38.Qc3 Rd5 39.Rc1 Qc7 40.c6 Rd8 41.Qc5 Kh7 42.Qf5+ Kg8 43.Qf3 Rd6 44.Qe4 Rd8
45.Qe3 Kh8 46.Qc5 Kg8 47.Kg1 Kh8 48.Ra1 Rd6 49.Rc1 Rd8 50.Kh1 Kg8 51.Kg1 Kh8  1/2-1/2

[Event "Groningen op"]
[Site "Groningen"]
[Date "1989.??.??"]
[Round "9"]
[White "Pieterse, Gert"]
[Black "Bosman, Michiel"]
[Result "0-1"]
[WhiteElo "2415"]
[BlackElo "2330"]

1.d4 Nf6 2.c4 e6 3.Nc3 Bb4 4.f3 d5 5.a3 Bxc3+ 6.bxc3 c5 7.cxd5 Nxd5 8.Qd3 O-O
9.e4 Ne7 10.Be3 cxd4 11.cxd4 Nbc6 12.Qd2 Na5 13.Rb1 b6 14.Bd3 f5 15.Ne2 fxe4
16.fxe4 Ng6 17.Bg5 Qe8 18.h4 Qf7 19.Ng3 Qc7 20.e5 Nc4 21.Qe2 Ba6 22.Rc1 Rac8
23.Rf1 Rxf1+ 24.Kxf1 Nxh4 25.Kg1 Ng6 26.Ne4 Qd7 27.Be3 Nxe3 28.Rxc8+ Qxc8
29.Bxa6 Qc1+ 30.Kh2 Nf5 31.Qd3 Qh6+ 32.Kg1 Qc1+ 33.Kh2 Nf4 34.Qb5 Qxa3 35.Bc8 Qe7
36.g3 Nxd4 37.Qc4 Nf3+ 38.Kh1 Nxe5 39.Qc3 Nfd3 40.Qb3 g6 41.Bxe6+ Kg7 42.Qd5 Qb4
43.Kg2 Qe1 44.Qd4 Qe2+ 45.Kg1 Kh6 46.Ng5 Qd1+  0-1

[Event "Helsinki"]
[Site "Helsinki"]
[Date "1989.??.??"]
[Round "6"]
[White "Kekki, Petri"]
[Black "Kanko, Ilkka"]
[Result "1-0"]
[WhiteElo "2305"]
[BlackElo "2315"]

1.d4 Nf6 2.c4 e6 3.Nc3 Bb4 4.f3 d5 5.a3 Bxc3+ 6.bxc3 c5 7.cxd5 Nxd5 8.dxc5 Qa5
9.e4 Nc7 10.Be3 Nc6 11.Qb3 O-O 12.Rd1 e5 13.Bc4 Ne6 14.Ne2 Nxc5 15.Qb5 Qxb5
16.Bxb5 Ne6 17.Bxc6 bxc6 18.Rd6 Nd8 19.Kf2 Be6 20.Rb1 Re8 21.Nc1 f6 22.Nd3 Kf7
23.Nc5 Bc8 24.Rbd1 Ke7 25.Nb3 Be6 26.Na5 Kf7 27.Bc5 g6 28.Rb1 Rg8 29.Nxc6 Nxc6
30.Rb7+ Ne7 31.Rxe6  1-0

[Event "HUN-ch"]
[Site "?"]
[Date "1989.??.??"]
[Round "?"]
[White "Petran, Pal"]
[Black "Horvath, Jozsef"]
[Result "1/2-1/2"]
[WhiteElo "2440"]
[BlackElo "2510"]

1.d4 Nf6 2.c4 e6 3.Nc3 Bb4 4.f3 d5 5.a3 Be7 6.e4 c5 7.e5 Nfd7 8.cxd5 exd5
9.Nxd5 cxd4 10.Nxe7 Qxe7 11.f4 f6 12.Qxd4 fxe5 13.Qe3  1/2-1/2

[Event "JUG-ch"]
[Site "?"]
[Date "1989.??.??"]
[Round "?"]
[White "Damljanovic, Branko"]
[Black "Ivanovic, Bozidar"]
[Result "1-0"]
[WhiteElo "2530"]
[BlackElo "2530"]

1.d4 Nf6 2.c4 e6 3.Nc3 Bb4 4.f3 d5 5.a3 Bxc3+ 6.bxc3 c5 7.cxd5 Nxd5 8.dxc5 Qa5
9.e4 Qxc3+ 10.Bd2 Qe5 11.Ne2 Ne7 12.Rc1 Nbc6 13.Bc3 Qg5 14.h4 Qh6 15.Nd4 Nxd4
16.Bxd4 O-O 17.Qd2 Qxd2+ 18.Kxd2 Nc6 19.Ba1 Bd7 20.Ke3 Rfc8 21.Be2 Rc7 22.Rhd1 Rac8
23.Bc3 Be8 24.f4 h6 25.g4 Rd7 26.Rxd7 Bxd7 27.g5 hxg5 28.hxg5 b6 29.cxb6 axb6
30.Bb2 Nb8 31.Rxc8+ Bxc8 32.Bd4 Nd7 33.a4 Kf8 34.Bc4 Bb7 35.g6 Bc6 36.gxf7 Kxf7
37.f5 Ke7 38.fxe6 Nf8 39.Bb3 Nxe6 40.Bxb6 Ng5 41.e5 Ne6 42.a5 g5 43.Bd1 Nf4
44.Bg4 Bb7 45.Bc5+ Kd8 46.Kd4 Bc6 47.Bb6+ Ke7 48.a6 Bb5 49.a7 Bc6 50.Bc5+ Kf7
51.Bd6 Ne6+ 52.Ke3 Nf4 53.Bf3 Nd5+ 54.Kd4 Ke6 55.Bg4+ Kf7 56.Kc5 Ba8 57.Bd7  1-0

[Event "Kecskemet"]
[Site "Kecskemet"]
[Date "1989.??.??"]
[Round "?"]
[White "Huzman, Alexander"]
[Black "Enders, Peter"]
[Result "1/2-1/2"]
[WhiteElo "2475"]
[BlackElo "2455"]

1.d4 Nf6 2.c4 e6 3.Nc3 Bb4 4.f3 d5 5.a3 Bxc3+ 6.bxc3 O-O 7.cxd5 exd5 8.e3 Bf5
9.Ne2 c5 10.g4 Bc8 11.Ng3 Nc6 12.Bd3 Be6 13.O-O a6 14.Ra2 b5 15.Rg2 Qb6 16.g5 Nd7
17.f4 f5 18.gxf6 Nxf6 19.Nh5 Ra7 20.Nxf6+ Rxf6 21.Qh5 Kf8 22.f5 Bg8 23.Qh4 h6
24.Rf4 Bh7 25.Qf2 Rd7 26.Rg3 a5 27.dxc5 Qxc5 28.e4  1/2-1/2

[Event "Kecskemet"]
[Site "Kecskemet"]
[Date "1989.??.??"]
[Round "?"]
[White "Malaniuk, Vladimir P"]
[Black "Dautov, Rustem"]
[Result "1/2-1/2"]
[WhiteElo "2560"]
[BlackElo "2535"]

1.d4 Nf6 2.c4 e6 3.Nc3 Bb4 4.f3 d5 5.a3 Be7 6.e4 dxe4 7.fxe4 e5 8.d5 Bc5
9.Nf3 Ng4 10.Na4 Bf2+ 11.Ke2 Bd4 12.Nxd4 exd4 13.Qxd4 O-O 14.Kd3 Nc6 15.dxc6 Nf2+
16.Kc3 Nd1+ 17.Kd3  1/2-1/2

[Event "Kecskemet"]
[Site "Kecskemet"]
[Date "1989.??.??"]
[Round "?"]
[White "Huzman, Alexander"]
[Black "Petran, Pal"]
[Result "1-0"]
[WhiteElo "2475"]
[BlackElo "2455"]

1.d4 Nf6 2.c4 e6 3.Nc3 Bb4 4.f3 d5 5.a3 Bxc3+ 6.bxc3 c5 7.cxd5 Nxd5 8.dxc5 Qa5
9.e4 Ne7 10.Be3 O-O 11.Qb3 Nec6 12.Bb5 e5 13.Ne2 Be6 14.Bc4 Bxc4 15.Qxc4 Qa6
16.Qxa6 Nxa6 17.Nc1 Na5 18.Nd3 Nc4 19.Bf2 Rfd8 20.Ke2 Rd7 21.Rhd1 Rad8 22.Nb4 Rxd1
23.Rxd1 Rxd1 24.Kxd1 Nb8 25.a4 Nc6 26.Kc2 f6 27.g3 Kf7 28.f4 g6 29.f5 h5
30.h3 g5 31.Nd5 Kg7 32.Be3 Kf7 33.Bc1 N4a5 34.Ne3 Ne7 35.Ba3 Nac6 36.Kd3 a6
37.Nc4 Nc8 38.Nd6+ Nxd6 39.cxd6 Ke8 40.Kc4 Kd7 41.Kc5 Kc8 42.Bb4 Kd7 43.Kb6 Nd8
44.Bc5 Kc8 45.d7+ Kxd7 46.Bb4 g4 47.h4 Kc8 48.Be7 Nc6 49.Bxf6 Nb8 50.Bg5 Nd7+
51.Ka7 Nc5 52.f6 Kd7 53.f7 Ne6 54.Bh6  1-0

[Event "Kecskemet"]
[Site "Kecskemet"]
[Date "1989.??.??"]
[Round "?"]
[White "Malaniuk, Vladimir P"]
[Black "Tolnai, Tibor"]
[Result "1-0"]
[WhiteElo "2560"]
[BlackElo "2470"]

1.d4 Nf6 2.c4 e6 3.Nc3 Bb4 4.f3 d5 5.a3 Bxc3+ 6.bxc3 c5 7.cxd5 Nxd5 8.dxc5 Qa5
9.e4 Ne7 10.Be3 O-O 11.Qb3 e5 12.Bc4 Na6 13.Ne2 Nc6 14.Rb1 Nxc5 15.Qb5 Qxb5
16.Rxb5 Ne6 17.Bd5 Ned8 18.c4 Re8 19.Kf2 b6 20.c5 Ba6 21.a4 Bxb5 22.axb5 bxc5
23.bxc6 Rc8 24.Nc3 Nxc6 25.Nb5 Red8 26.Bxc5 Nd4 27.Bxd4 Rc2+ 28.Kg3 exd4
29.Nxd4 Rd2 30.Nc6  1-0